Tumbuhan

Bibliographic Details
Main Author: Muhammad bin Harun
Format: Book
Published: Selangor : Karisma Production , 2005
Series:Siri pengetahuan indera
Subjects:

MARC

LEADER 00000cam a2200000 7i4500
001 0000007337
005 20151222.0
008 070829
020 |a 9832482607(set) 
020 |a 9832482631 
090 0 0 |a JF   |b EDU MAL (8108) 
100 0 |a Muhammad bin Harun 
245 1 0 |a Tumbuhan   |c Muhammad bin Harun 
260 |a Selangor :   |b Karisma Production ,   |c 2005 
440 |a Siri pengetahuan indera 
500 |a Children ages 7-9 years old (orange) 
650 0 |a Education 
650 0 |a Junior fiction   |x Malay   |x Languages 
650 0 |a Malay language   |x Readers   |x Plants 
999 |a 0000944737   |b Book   |c Children Collection   |e Cawangan Taman Sri Lambak 
999 |a 0000944738   |b Book   |c Children Collection   |e Cawangan Taman Sri Lambak 
999 |a 0000944739   |b Book   |c Children Collection   |e Cawangan Taman Sri Lambak 
999 |a 0000989851   |b Book   |c Children Collection   |e Perbadanan Perpustakaan Awam Johor 
999 |a 0000989852   |b Book   |c Children Collection   |e Cawangan Urban Transformation Centre 
999 |a 0000989853   |b Book   |c Children Collection   |e Perbadanan Perpustakaan Awam Johor 
999 |a 0000989854   |b Book   |c Children Collection   |e Cawangan Urban Transformation Centre 
999 |a 0000989855   |b Book   |c Children Collection   |e Cawangan Taman Universiti 
999 |a 0001146209   |b Book   |c Children Collection   |e Cawangan Tmn. Ungku Tun Aminah